Finanzas personales

Detalles Bibliográficos
Autor principal: Rojas Lp̤ez, Miguel David
Formato: eBook
Lenguaje:español
Publicado: Bogot:̀ Ediciones de la U, 2018
Materias:
Acceso en línea:Acceso restringido

MARC

LEADER 00000nam a22000007a 4500
005 20190329210625.0
007 cr|||| ||||
008 190329s2018 co |||||s|||| 00||0 spa d
020 |a 978-958-762-797-8 
035 |a 22603 
040 |a vLex 
090 |c 8522  |d 8522 
100 1 |a Rojas Lp̤ez, Miguel David 
245 1 0 |a Finanzas personales  |h [Recurso electrn̤ico] /  |c Miguel David Rojas Lp̤ez 
256 |a Servicio en ln̕ea 
260 |a Bogot:̀  |b Ediciones de la U,  |c 2018 
300 |a 1 recurso electrn̤ico 
506 1 |a Disponible solo en los productos indicados  |d vLex Global  |d vLex Global (Academic Edition, excluding Law Schools)  |d vLex Global (U.S. Academic Edition, Law Schools)  |d vLex Global (U.S. Academic Edition, excluding Law Schools)  |d vLex Global (Academic Edition, Law Schools) 
650 0 4 |a Banca y finanzas  |z Colombia 
740 0 |a vLex Libros (Servicio en ln̕ea) 
856 4 0 |u http://vlex.com/source/finanzas-personales-22603  |z Acceso restringido 
942 |c BOOK 
999 0 |a Banking and finances